Vista normal
Vista MARC
Entrada Término temático
Número de registros utilizados en: 1
001 - NÚMERO DE CONTROL
- campo de control: 38717
003 - IDENTIFICADOR DEL NÚMERO DE CONTROL
- campo de control: BNPHU
005 - FECHA Y HORA DE LA ÚLTIMA TRANSACCIÓN
- campo de control: 20250424134901.0
008 - DATOS DE LONGITUD FIJA
- campo de control de longitud fija: 200615|| aca||aabn | a|a d
040 ## - FUENTE DE LA CATALOGACIÓN
- Centro catalogador/agencia de origen: DO-SdBNP
- Lengua de catalogación: spa
- Centro/agencia transcriptor: BNPHU
- Normas de descripción: rda
150 ## - ENCABEZAMIENTO--TÉRMINO DE MATERIA
- Término de materia o nombre geográfico como elemento de entrada: Humanismo cristiano
450 ## - TRAZADO DE VÉASE--TÉRMINO DE MATERIA
- Término de materia o nombre geográfico como elemento de entrada: Christian humanism
550 ## - TRAZADO VÉASE ADEMÁS--TÉRMINO DE MATERIA
- Término de materia o nombre geográfico como elemento de entrada: Humanismo
- Subcampo de control: g
670 ## - FUENTE DE DATOS ENCONTRADOS
- Cita de la fuente: Work cat.: (OSt)17347: Gómez Cerda, José 8583, Arte, filosofía y política :, 2005.
680 ## - NOTA GENERAL PÚBLICA
- Texto explicativo: Aquí se asientan obras sobre una rama del humanismo del Renacimiento que abogaba por una combinación de aprendizaje clásico, bíblico y patrístico como base para la renovación de la teología, la piedad y la moralidad pública. Obras sobre la relación entre el cristianismo y un movimiento de humanismo religioso dentro del unitarianismo americano se introducen bajo
- Encabezamiento o término de subdivisión: Cristianismo y humanismo religioso
